| 000 | 00541nam a22001697a 4500 | ||
|---|---|---|---|
| 008 | 160912b xxu||||| |||| 00| 0 eng d | ||
| 020 | _a0026681900 | ||
| 082 |
_21988 _aDC 308.874 _bB77d |
||
| 100 |
_914434 _aBrisbane, Holly E. |
||
| 245 |
_aThe developing child: _bunderstanding children and parenting/ _cHolly E. Brisbane. |
||
| 250 | _a5th edition | ||
| 260 |
_aCalifornia: _bGlencoe/McGraw-Hill, _c1988 |
||
| 300 |
_a528 pages: _bcolor illustrations; _c26 cm. |
||
| 500 | _aIncludes index. | ||
| 650 | 0 |
_914435 _aParenting |
|
| 942 |
_2ddc _cDC |
||
| 999 |
_c4483 _d4483 |
||